| 000 | 00505nam a22001697a 4500 | ||
|---|---|---|---|
| 005 | 20250325165953.0 | ||
| 008 | 250325b |||||||| |||| 00| 0 eng d | ||
| 020 | _a9781035300280 | ||
| 041 | _aEng | ||
| 082 | _a362.1068 KEA | ||
| 100 | _aKearney, Claudine | ||
| 245 | _aLeading Innovation and Entrepreneurship in Healthcare: A Global Perspective | ||
| 260 |
_aUK _bEdward Elgar _c2022 |
||
| 300 | _a190;. P 23 cm | ||
| 650 | _aPublic Health Administration; Entrepreneurship; Leadership | ||
| 942 | _cBK | ||
| 999 |
_c43396 _d43396 |
||